[Event "Kstovo Kichigin Memorial op"]
[Site "Kstovo"]
[Date "2010.02.??"]
[Round "2"]
[White "Pristalov, Evgeny"]
[Black "Rube, Alexander"]
[Result "0-1"]
[WhiteElo "2008"]
[BlackElo "2170"]
[PlyCount "56"]
[EventDate "2010.02.??"]
[EventType "swiss"]
[EventRounds "9"]
[EventCountry "RUS"]
[SourceTitle "EXT 2014"]
[Source "ChessBase"]
[SourceDate "2013.11.20"]
[SourceVersion "1"]
[SourceVersionDate "2013.11.20"]
[SourceQuality "1"]

1. e4 c5 2. Nf3 e6 3. c3 d5 4. exd5 Qxd5 5. d4 Nf6 6. Na3 cxd4 7. Nb5 Qd8 8. Nbxd4 Be7 9. Bd3 0-0 10. 0-0 b6 11. Qe2 Bb7 12. Rd1 Qc7 13. Nb5 Qc6 14. Bf4 Na6 15. Nbd4 Qc8 16. Rac1 Nc5 17. Bb1 Be4 18. Bxe4 Ncxe4 19. Ne5 Re8 20. f3 Nc5 21. b4 Ncd7 22. Nb5 Nd5 23. Bg3 Nxe5 24. Bxe5 Rd8 25. a3 Bg5 26. Rc2 Qc6 27. Nd4 Qa4 28. Rd3 Rac8 0-1

[Event "Kstovo Kichigin Memorial op"]
[Site "Kstovo"]
[Date "2010.02.??"]
[Round "3"]
[White "Rube, Alexander"]
[Black "Gorozhanin, Mikhail"]
[Result "0-1"]
[WhiteElo "2170"]
[BlackElo "2125"]
[PlyCount "62"]
[EventDate "2010.02.??"]
[EventType "swiss"]
[EventRounds "9"]
[EventCountry "RUS"]
[SourceTitle "EXT 2014"]
[Source "ChessBase"]
[SourceDate "2013.11.20"]
[SourceVersion "1"]
[SourceVersionDate "2013.11.20"]
[SourceQuality "1"]

1. Nf3 Nf6 2. g3 g6 3. Bg2 Bg7 4. 0-0 0-0 5. d4 d5 6. c4 c6 7. Qb3 dxc4 8. Qxc4 Be6 9. Qb4 b6 10. Nc3 Nd5 11. Qa4 b5 12. Qc2 Nxc3 13. bxc3 Bc4 14. Bf4 Nd7 15. Rfe1 Rc8 16. Nd2 Nb6 17. Nxc4 Nxc4 18. Rad1 Qa5 19. Bg5 Rfe8 20. Qb3 e5 21. Bh3 f5 22. e4 h6 23. Be3 exd4 24. Bxd4 Bxd4 25. Rxd4 Kh8 26. Red1 c5 27. Rd7 Rxe4 28. Rb7 Rd8 29. Rxd8+ Qxd8 30. Rxb5 Re1+ 31. Bf1 Rxf1+ 0-1

[Event "Nizhnij Novgorod-ch 60th"]
[Site "Nizhnij Novgorod"]
[Date "2008.04.??"]
[Round "?"]
[White "Milashevskaja, Valentina"]
[Black "Rube, Alexander"]
[Result "0-1"]
[WhiteElo "1821"]
[BlackElo "2170"]
[PlyCount "116"]
[EventDate "2008.03.??"]
[EventType "swiss"]
[EventRounds "9"]
[EventCountry "RUS"]
[SourceTitle "EXT 2010"]
[Source "ChessBase"]
[SourceDate "2010.11.25"]
[SourceVersion "1"]
[SourceVersionDate "2010.11.25"]
[SourceQuality "1"]

1. Nf3 d5 2. g3 Nf6 3. Bg2 g6 4. 0-0 Bg7 5. d3 0-0 6. Nbd2 Nbd7 7. e4 e5 8. Re1 c6 9. c4 d4 10. b4 Qe7 11. Qb3 a5 12. Ba3 a4 13. Qc2 b6 14. Rac1 Re8 15. Qb2 Nf8 16. b5 c5 17. Rf1 Bg4 18. Rce1 Qd7 19. Qc2 Bh3 20. Bc1 Bxg2 21. Kxg2 Nh5 22. Nh4 Nf4+ 23. Kh1 Nh3 24. Ndf3 Ne6 25. Kg2 h6 26. Ng1 Nef4+ 27. Bxf4 Nxf4+ 28. Kh1 Nh5 29. Qe2 Qe6 30. Qf3 Nf6 31. h3 h5 32. Kh2 Bh6 33. Qg2 Qe7 34. Ne2 a3 35. f4 Ra4 36. Nf3 Nd7 37. Nxe5 Nxe5 38. fxe5 Qxe5 39. Qf3 Qe7 40. Nf4 Bxf4 41. Qxf4 Rb4 42. Rb1 Rxb1 43. Rxb1 Ra8 44. Kg2 Kg7 45. Rb3 Ra4 46. Qc1 Qa7 47. Kf3 Qe7 48. Rxa3 Rxa3 49. Qxa3 Qg5 50. Qb3 Qe3+ 51. Kg2 Qe2+ 52. Kg1 Qf3 53. a4 Qxg3+ 54. Kf1 Qxh3+ 55. Ke1 Qe3+ 56. Kd1 h4 57. Qc2 Qg1+ 58. Kd2 h3 0-1

[Event "Nizhnij Novgorod-ch 60th"]
[Site "Nizhnij Novgorod"]
[Date "2008.03.??"]
[Round "?"]
[White "Rube, Alexander"]
[Black "Bojarinov, Victor A"]
[Result "1/2-1/2"]
[WhiteElo "2170"]
[BlackElo "2299"]
[PlyCount "95"]
[EventDate "2008.03.??"]
[EventType "swiss"]
[EventRounds "9"]
[EventCountry "RUS"]
[SourceTitle "EXT 2010"]
[Source "ChessBase"]
[SourceDate "2010.11.25"]
[SourceVersion "1"]
[SourceVersionDate "2010.11.25"]
[SourceQuality "1"]

1. d4 Nf6 2. g3 d5 3. Nf3 c5 4. c4 cxd4 5. cxd5 Qxd5 6. Qxd4 Nc6 7. Qxd5 Nxd5 8. Bg2 Ndb4 9. Na3 g6 10. Nb5 Nc2+ 11. Kd1 Nxa1 12. Nc7+ Kd8 13. Nxa8 Be6 14. Be3 Bg7 15. Kd2 Kc8 16. Rxa1 Rd8+ 17. Ke1 Bxb2 18. Rb1 Bc3+ 19. Nd2 Nb4 20. Be4 Kb8 21. a3 Nd5 22. Bxd5 Rxd5 23. Nc7 Bxd2+ 24. Bxd2 Kxc7 25. Bb4 Re5 26. Rc1+ Kb6 27. Bxe7 Bg4 28. Bd8+ Kb5 29. Rc2 b6 30. Bf6 Re6 31. Bg7 h5 32. Bf8 Ka4 33. h3 Re8 34. Bd6 Bxh3 35. Rc7 a5 36. Rxf7 Re6 37. Bf8 Bg4 38. f3 Bh3 39. Kf2 b5 40. Rf4+ Kb3 41. g4 hxg4 42. fxg4 Bxg4 43. e3 Bf5 44. Ke2 Be4 45. Rf7 Bd5 46. Rf4 Kb2 47. Bc5 Be4 48. Rf7 1/2-1/2

[Event "Nizhnij Novgorod-ch 60th"]
[Site "Nizhnij Novgorod"]
[Date "2008.03.??"]
[Round "?"]
[White "Rube, Alexander"]
[Black "Golovin, Leonid"]
[Result "0-1"]
[WhiteElo "2170"]
[BlackElo "2463"]
[PlyCount "78"]
[EventDate "2008.03.??"]
[EventType "swiss"]
[EventRounds "9"]
[EventCountry "RUS"]
[SourceTitle "EXT 2010"]
[Source "ChessBase"]
[SourceDate "2010.11.25"]
[SourceVersion "1"]
[SourceVersionDate "2010.11.25"]
[SourceQuality "1"]

1. d4 g6 2. Nf3 Bg7 3. g3 c5 4. c3 Qb6 5. Bg2 Nf6 6. 0-0 0-0 7. Nbd2 d6 8. Re1 cxd4 9. Nxd4 e5 10. N4b3 Be6 11. Nf3 h6 12. Be3 Qc7 13. h3 a5 14. Qc1 a4 15. Nbd2 Nd5 16. Nb1 Nxe3 17. Qxe3 Nc6 18. Na3 d5 19. Red1 Qa5 20. Ne1 e4 21. Nec2 Rac8 22. Nd4 Nxd4 23. cxd4 Qb6 24. Qd2 f5 25. e3 g5 26. Rac1 Rc6 27. Bf1 f4 28. Bg2 Rf7 29. Nb1 Bf8 30. a3 Bd6 31. Nc3 fxg3 32. fxg3 Bxg3 33. Nxa4 Qa7 34. Rxc6 bxc6 35. Nc5 Rf2 36. Qxf2 Bxf2+ 37. Kxf2 Bc8 38. Ra1 h5 39. b4 Qb8 0-1

[Event "Nizhnij Novgorod Dubinin Memorial 15th"]
[Site "Nizhnij Novgorod"]
[Date "2008.01.??"]
[Round "?"]
[White "Rakov, Anatoly"]
[Black "Rube, Alexander"]
[Result "1/2-1/2"]
[WhiteElo "2067"]
[BlackElo "2151"]
[PlyCount "30"]
[EventDate "2008.01.??"]
[EventType "swiss"]
[EventRounds "9"]
[EventCountry "RUS"]
[SourceTitle "CBM 122 Extra"]
[Source "ChessBase"]
[SourceDate "2008.03.04"]
[SourceVersion "1"]
[SourceVersionDate "2008.03.04"]
[SourceQuality "1"]

1. d4 d5 2. Nf3 Nf6 3. Bf4 Bf5 4. h3 h6 5. e3 e6 6. Bd3 Ne4 7. Ne5 Bb4+ 8. c3 Be7 9. 0-0 0-0 10. Nd2 Bf6 11. Bxe4 Bxe4 12. Nef3 Bh7 13. Qb3 Qc8 14. Rfe1 c6 15. a4 Na6 1/2-1/2

[Event "Nizhnij Novgorod Dubinin Memorial 15th"]
[Site "Nizhnij Novgorod"]
[Date "2008.01.??"]
[Round "?"]
[White "Yumatov, Robert"]
[Black "Rube, Alexander"]
[Result "0-1"]
[WhiteElo "1897"]
[BlackElo "2151"]
[PlyCount "90"]
[EventDate "2008.01.??"]
[EventType "swiss"]
[EventRounds "9"]
[EventCountry "RUS"]
[SourceTitle "CBM 122 Extra"]
[Source "ChessBase"]
[SourceDate "2008.03.04"]
[SourceVersion "1"]
[SourceVersionDate "2008.03.04"]
[SourceQuality "1"]

1. e4 c5 2. Nf3 e6 3. c4 d6 4. Nc3 Nf6 5. Be2 Be7 6. 0-0 0-0 7. d3 Nc6 8. h3 a6 9. Bf4 Qc7 10. Qd2 Rb8 11. Rad1 Bd7 12. Bh2 b5 13. b3 b4 14. Na4 e5 15. Ne1 Nd4 16. f4 Bxa4 17. fxe5 dxe5 18. bxa4 Nd7 19. Bg4 Nb6 20. Qf2 Nxa4 21. Qg3 Nc3 22. Rd2 Bg5 23. Rb2 Bf4 24. Rxf4 exf4 25. Qxf4 Qxf4 26. Bxf4 Rb6 27. Be5 a5 28. Nc2 Na4 29. Bxd4 cxd4 30. Rb1 Rd8 31. Ne1 Nc5 32. Bf3 a4 33. Bd1 b3 34. axb3 axb3 35. Kf2 Ra8 36. Kf3 Kf8 37. Kf4 f6 38. e5 b2 39. Bc2 Ra1 40. Nf3 Rxb1 41. Bxb1 Ra6 42. Nxd4 Ra1 43. Bc2 b1Q 44. Bxb1 Rxb1 45. exf6 gxf6 0-1

[Event "Kstovo Mayak op"]
[Site "Kstovo"]
[Date "2007.12.11"]
[Round "8"]
[White "Shabrina, Tatiana"]
[Black "Rube, Alexander"]
[Result "0-1"]
[WhiteElo "1892"]
[BlackElo "2082"]
[PlyCount "79"]
[EventDate "2007.11.19"]
[EventType "swiss"]
[EventRounds "9"]
[EventCountry "RUS"]
[SourceTitle "EXT 2022"]
[Source "ChessBase"]
[SourceDate "2021.10.06"]
[SourceVersion "1"]
[SourceVersionDate "2021.10.06"]
[SourceQuality "1"]

1. e4 c5 2. Nf3 e6 3. d4 cxd4 4. Nxd4 a6 5. a4 b6 6. Bd3 Bb7 7. 0-0 d6 8. Nc3 Nf6 9. f4 Nbd7 10. Qf3 Be7 11. Bd2 0-0 12. Rae1 Nc5 13. Qh3 Rc8 14. Nb3 Nxd3 15. cxd3 e5 16. d4 Nd7 17. d5 Bf6 18. f5 Bg5 19. Rf3 Bxd2 20. Nxd2 f6 21. Qh5 Rf7 22. Rh3 Nf8 23. g4 b5 24. Nf3 b4 25. Nd1 h6 26. Kh1 Nh7 27. Qg6 Nf8 28. Qh5 Rfc7 29. Rg1 Nh7 30. Qg6 Qe8 31. Qxe8+ Rxe8 32. b3 a5 33. Nd2 Ba6 34. Nb2 Ng5 35. Re3 Rc3 36. Rge1 Rec8 37. h4 Rxe3 38. Rxe3 Rc1+ 39. Kg2 Rc2 40. Nbc4 0-1

[Event "Nizhnij Novgorod Region-ch"]
[Site "Nizhnij Novgorod"]
[Date "2007.10.??"]
[Round "?"]
[White "Rube, Alexander"]
[Black "Kluev, Vladimir"]
[Result "1-0"]
[WhiteElo "2082"]
[BlackElo "2161"]
[PlyCount "63"]
[EventDate "2007.10.??"]
[EventType "swiss"]
[EventRounds "9"]
[EventCountry "RUS"]
[SourceTitle "EXT 2009"]
[Source "ChessBase"]
[SourceDate "2008.11.26"]
[SourceVersion "1"]
[SourceVersionDate "2008.11.26"]
[SourceQuality "1"]

1. d4 c5 2. d5 Nf6 3. Nc3 e6 4. e4 exd5 5. exd5 d6 6. Nf3 Be7 7. Be2 0-0 8. 0-0 a6 9. a4 Nbd7 10. h3 Rb8 11. Bf4 Re8 12. Re1 Bf8 13. Qd2 Qc7 14. Bf1 Ne5 15. Nxe5 dxe5 16. Bh2 Bd6 17. Re3 Bd7 18. a5 c4 19. Na4 Bb5 20. Nb6 Bc5 21. Ree1 Rbd8 22. Bxc4 Bxb6 23. Bxb5 Rxd5 24. axb6 Qxb6 25. Qxd5 Nxd5 26. Bxe8 f6 27. Ba4 Kf8 28. Bb3 Nb4 29. Rad1 Ke7 30. Bxe5 fxe5 31. Rxe5+ Kf6 32. Re6+ 1-0

[Event "Nizhnij Novgorod Region-ch"]
[Site "Nizhnij Novgorod"]
[Date "2007.10.??"]
[Round "?"]
[White "Rube, Alexander"]
[Black "Pirogov, Alexander V"]
[Result "1/2-1/2"]
[WhiteElo "2082"]
[BlackElo "2195"]
[PlyCount "46"]
[EventDate "2007.10.??"]
[EventType "swiss"]
[EventRounds "9"]
[EventCountry "RUS"]
[SourceTitle "EXT 2009"]
[Source "ChessBase"]
[SourceDate "2008.11.26"]
[SourceVersion "1"]
[SourceVersionDate "2008.11.26"]
[SourceQuality "1"]

1. d4 Nf6 2. c4 e6 3. Nf3 b6 4. g3 Ba6 5. b3 Bb4+ 6. Bd2 Qe7 7. Bg2 c6 8. 0-0 0-0 9. Qc2 d5 10. Bxb4 Qxb4 11. Nbd2 Nbd7 12. e4 Rfd8 13. Rfe1 Rac8 14. a3 Qf8 15. b4 dxc4 16. Nxc4 c5 17. dxc5 bxc5 18. e5 cxb4 19. exf6 Bxc4 20. fxg7 Qxg7 21. axb4 Bd5 22. Qe2 Rc7 23. Ne5 Nxe5 1/2-1/2

[Event "Kstovo op"]
[Site "Kstovo"]
[Date "2007.10.??"]
[Round "9"]
[White "Rube, Alexander"]
[Black "Svetlov, Dmitry"]
[Result "1/2-1/2"]
[WhiteElo "2082"]
[BlackElo "2208"]
[PlyCount "46"]
[EventDate "2007.10.??"]
[EventType "swiss"]
[EventRounds "9"]
[EventCountry "RUS"]
[SourceTitle "EXT 2009"]
[Source "ChessBase"]
[SourceDate "2008.11.26"]
[SourceVersion "1"]
[SourceVersionDate "2008.11.26"]
[SourceQuality "1"]

1. d4 Nf6 2. Nf3 g6 3. c4 Bg7 4. g3 0-0 5. Bg2 d5 6. cxd5 Nxd5 7. 0-0 Nb6 8. Nc3 Nc6 9. d5 Na5 10. e4 c6 11. Bg5 h6 12. Bf4 cxd5 13. exd5 Nac4 14. Qe2 g5 15. Bc1 Bg4 16. h3 Bh5 17. g4 Bg6 18. h4 Qd7 19. hxg5 Qxg4 20. gxh6 Bxc3 21. bxc3 Nxd5 22. Nd4 Qxe2 23. Nxe2 Rad8 1/2-1/2

[Event "Penza op U18"]
[Site "Penza"]
[Date "2006.11.06"]
[Round "5"]
[White "Rube, Alexander"]
[Black "Ponomarev, Dmitry"]
[Result "0-1"]
[WhiteElo "2019"]
[BlackElo "2194"]
[PlyCount "56"]
[EventDate "2006.11.01"]
[EventType "swiss"]
[EventRounds "7"]
[EventCountry "RUS"]
[SourceTitle "EXT 2007"]
[Source "ChessBase"]
[SourceDate "2006.11.23"]
[SourceVersion "1"]
[SourceVersionDate "2006.11.23"]
[SourceQuality "1"]

1. d4 d5 2. c4 c6 3. Nf3 Nf6 4. Nc3 dxc4 5. a4 Bf5 6. e3 e6 7. Bxc4 Bb4 8. 0-0 0-0 9. Nh4 Bg4 10. f3 Bh5 11. g4 Bg6 12. Nxg6 hxg6 13. e4 Nbd7 14. Be3 Qe7 15. Qe2 e5 16. Rfd1 exd4 17. Bxd4 Bc5 18. Kg2 Bxd4 19. Rxd4 Ne5 20. Rad1 g5 21. Ba2 Ng6 22. Qd2 Nh4+ 23. Kf2 Nxg4+ 24. Kg3 Ne5 25. Rf1 Rad8 26. Ne2 Rxd4 27. Qxd4 Rd8 28. Qxa7 Nexf3 0-1